Green hills of Africa (Record no. 2239)
[ view plain ]
| 000 -LEADER | |
|---|---|
| fixed length control field | 00548nam a22002177a 4500 |
| 003 - CONTROL NUMBER IDENTIFIER | |
| control field | OSt |
| 005 - DATE AND TIME OF LATEST TRANSACTION | |
| control field | 20151104100900.0 |
| 008 - FIXED-LENGTH DATA ELEMENTS--GENERAL INFORMATION | |
| fixed length control field | 130308t xxu||||| |||| 00| 0 eng d |
| 020 ## - INTERNATIONAL STANDARD BOOK NUMBER | |
| International Standard Book Number | 9780099909200 |
| 050 ## - LIBRARY OF CONGRESS CALL NUMBER | |
| Classification number | PS 3515 |
| Item number | .H488 1994 |
| 082 ## - DEWEY DECIMAL CLASSIFICATION NUMBER | |
| Classification number | IB 808.83 |
| Item number | H37g 1994 |
| 100 ## - MAIN ENTRY--PERSONAL NAME | |
| Personal name | Hemingway, Ernest |
| 245 ## - TITLE STATEMENT | |
| Title | Green hills of Africa |
| Statement of responsibility, etc | by Ernest Hemingway / |
| 260 ## - PUBLICATION, DISTRIBUTION, ETC. (IMPRINT) | |
| Place of publication, distribution, etc | London : |
| Name of publisher, distributor, etc | Arrow Books, |
| Date of publication, distribution, etc | c1994. |
| 300 ## - PHYSICAL DESCRIPTION | |
| Dimensions | 18 cm. |
| Extent | 211 pages., |
| 562 ## - COPY AND VERSION IDENTIFICATION NOTE | |
| Number of copies | 3 |
| 942 ## - ADDED ENTRY ELEMENTS (KOHA) | |
| Source of classification or shelving scheme | Library of Congress Classification |
| Koha item type | Books |
| Withdrawn status | Lost status | Source of classification or shelving scheme | Damaged status | Home library | Current library | Shelving location | Date acquired | Total Checkouts | Full call number | Barcode | Date last seen | Copy number | Price effective from | Koha item type | Source of acquisition | Total Renewals | Date checked out |
|---|---|---|---|---|---|---|---|---|---|---|---|---|---|---|---|---|---|
| Library of Congress Classification | Luxembourg Library | Luxembourg Library | International Baccalaureate Section | 03/08/2013 | PS 3515 .H488 1994 | 13519 | 08/13/2013 | 2 | 10/03/2013 | Books | |||||||
| Library of Congress Classification | Luxembourg Library | Luxembourg Library | International Baccalaureate Section | 03/08/2013 | PS 3515 .H488 1994 | 13520 | 08/13/2013 | 3 | 10/03/2013 | Books | |||||||
| Library of Congress Classification | Luxembourg Library | Luxembourg Library | Classic Section | 03/08/2013 | 1 | PS 3515 .H488 1994 | 13518 | 03/24/2017 | 1 | 10/03/2013 | Books | Donation | 1 | 10/18/2016 |